000 00413pab a2200157 454500
008 180718b2002 xxu||||| |||| 00| 0 eng d
100 _aYadava, R.C.
245 _aOn an indirect estimation of total fertility rate from open birth interval data
260 _c2002
300 _ap.211-22.
362 _aJul-Dec
650 _aFertility
700 _aAnupam Kumar
773 _aDemography India
909 _a59858
999 _c59858
_d59858